Konečná diagnóza

Bibliographic Details
Main Author: Hailey, Arthur, 1920-2004 (Author)
Other Authors: Ruppeldtová, Tatiana, 1921-2006 (Translator)
Format: Book
Language:Slovak
English
Published: Bratislava Smena 1992
Edition:2. vyd.
Subjects:

MARC

LEADER 00000cam a2200000 a 4500
001 vtls001070514
003 SK-MaSNL
005 20260301153041.0
008 160314s1992 xo 0000f slo
015 |a SNBA1993/02 
020 |a 8022102458 
035 |a SNK000013345 
040 |a SNK  |b slo  |c SNK  |e AACR2 
041 1 |a slo  |h eng 
044 |a xo  |c SK 
080 |a 821.111(71)-31  |2 2001 
100 1 |a Hailey, Arthur,  |d 1920-2004  |4 aut  |9 89285 
240 1 0 |a Final Diagnosis  |l Slovensky 
245 0 |a Konečná diagnóza  |c Arthur Hailey ; z anglického originálu Final Diagnosis ... preložila Tatiana Ruppeldtová 
250 |a 2. vyd. 
260 |a Bratislava  |b Smena  |c 1992  |e Žilina  |f Danubiaprint 
300 |a 319 s.  |c 21 cm 
500 |a Mimo edície 
655 7 |a kanadské romány (anglicky)  |2 SNKPH  |9 70623 
700 1 |a Ruppeldtová, Tatiana,  |d 1921-2006  |4 trl  |9 105236 
919 |a 80-221-0245-8 
958 |a LX 
958 |a UC 
958 |a TL 
958 |a UP 
958 |a NS 
968 |b ENG  |d Z angl. orig. 
999 |c 791237  |d 793167 
952 |t P60, <05>, [BOOK], {605}  |a SNK  |b SNK  |y PREZ  |7 0  |p 17A0301941  |o snkSC 83128 D1  |i snkKSP 723/93  |0 0  |1 0  |4 0  |d 2001-05-21  |l 0  |r 2004-12-31 00:00:00  |w 2026-02-24 
952 |a SNK  |b SNK  |y PREZ  |7 0  |p 17A0994930  |o snkSC 83128   |0 0  |1 0  |4 0  |d 2012-08-15  |l 0  |r 2025-08-20 00:00:00  |w 2026-02-24